000 01096nam a22003737a 4500
001 BR9301616
003 BR-BrBNA
005 20230928093928.0
007 ta
008 230509b bl.||||| |||| 00| 0 por d
040 _aBR-BrBNA
_bpor
_cBiblioteca Nacional de Agricultura
041 _a(Por)
072 _aF01
_b0336
090 _ 0336 BR9301616
100 1 _aArantes, N.E.
100 1 _aSouza, P.I. de M. de(eds.)
110 1 _aAssociacao Brasileira para Pesquisa da Potassa e do Fosfato, Piracicaba, SP (Brasil)
111 1 _aSimposio sobre a Cultura da Soja nos Cerrados
_cUberaba, MG (Brazil)
_d16-20 Mar 1992
245 1 _aA cultura da soja nos cerrados
260 3 _aPiracicaba, SP (Brasil):
_c1993.
300 _a535 p.
650 _aSoja
650 _aConservacao do Solo
650 _aAdubacao
650 _aErva Daninha
650 _aMelhoramento Genetico Vegetal
650 _aVariedade
650 _aPraga de Planta
650 _aDoenca de Planta
650 _aArmazenamento
650 _aCerrado
909 _a202309
_bLucia
_c55
_dLucia Elande
942 _cBK
999 _c47957
_d47957